[Event "17th Asia-ch (w)"]
[Site "Manila PHI"]
[Date "2013.05.18"]
[Round "1.2"]
[White "Huang Qian"]
[Black "Perena, Catherine"]
[Result "1-0"]
[WhiteElo "2469"]
[BlackElo "2170"]
[EventDate "2013.05.18"]
[PlyCount "137"]

1.c4 Nf6 2.Nc3 c5 3.g3 g6 4.Bg2 Bg7 5.Nf3 Nc6 6.d4 cxd4 7.Nxd4 O-O 8.O-O 
Ne5 9.b3 d6 10.Bb2 Rb8 11.Qd2 Bd7 12.Rac1 Qa5 13.Rfd1 Rfc8 14.h3 Nc6 15.
Nxc6 bxc6 16.c5 Ne8 17.cxd6 exd6 18.Na4 Qxd2 19.Rxd2 Bxb2 20.Nxb2 f6 21.
Nc4 d5 22.Nb2 f5 23.Nd3 Nd6 24.Ne5 Rd8 25.Nxd7 Rxd7 26.Rxc6 Ne4 27.Rd4 Kf7
28.g4 Re8 29.Bf3 Re6 30.Rc2 Kf6 31.Kg2 Ke5 32.e3 Rf7 33.Ra4 Ref6 34.Bxe4 
fxe4 35.Ra5 g5 36.Rac5 Rh6 37.Rc6 Rd6 38.b4 Rfd7 39.b5 Rxc6 40.Rxc6 d4 41.
Rc5+ Kf6 42.exd4 Rxd4 43.Kf1 Ra4 44.Rc7 Rxa2 45.Rxh7 Ra5 46.Rh6+ Kg7 47.
Re6 Rxb5 48.Rxe4 Rb3 49.Kg2 Ra3 50.Re5 Kg6 51.f3 a5 52.Kg3 a4 53.Rf5 Ra1 
54.h4 gxh4+ 55.Kxh4 Ra3 56.Kg3 Rb3 57.Ra5 a3 58.Kf4 Rb4+ 59.Ke5 Rb3 60.f4 
Re3+ 61.Kd4 Rb3 62.Ra6+ Kg7 63.g5 Rb4+ 64.Ke5 Rb5+ 65.Ke4 Rb4+ 66.Kf5 Rb5+
67.Kg4 Rb3 68.Ra7+ Kf8 69.f5 1-0

[Event "17th Asia-ch (w)"]
[Site "Manila PHI"]
[Date "2013.05.18"]
[Round "1.3"]
[White "Wang Doudou"]
[Black "Mongontuul, Batchujagijn"]
[Result "1/2-1/2"]
[WhiteElo "2162"]
[BlackElo "2442"]
[EventDate "2013.05.18"]
[PlyCount "103"]

1.d4 d5 2.c4 c6 3.Nc3 Nf6 4.cxd5 cxd5 5.Bf4 Nc6 6.e3 Bf5 7.Qb3 Na5 8.Qa4+ 
Bd7 9.Bb5 Nc6 10.Qb3 e6 11.h3 Be7 12.Nf3 a6 13.Bxc6 Bxc6 14.Ne5 O-O 15.O-O
Nd7 16.Nxc6 bxc6 17.Na4 c5 18.dxc5 Nxc5 19.Nxc5 Bxc5 20.Rfc1 Bd6 21.Bxd6 
Qxd6 22.Rc2 Rab8 23.Qa4 Rb4 24.Qc6 Qxc6 25.Rxc6 Rxb2 26.Rxa6 Rc8 27.a4 g6 
28.a5 Rcc2 29.Rb6 Rxf2 30.Rxb2 Rxb2 31.a6 Rb8 32.Kf2 Kf8 33.Kf3 Ke7 34.e4 
Kd6 35.exd5 Kxd5 36.g4 h6 37.h4 Ra8 38.Kf4 Ra7 39.g5 hxg5+ 40.hxg5 Kd4 41.
Ra4+ Kc5 42.Ke5 Kb5 43.Ra1 Rxa6 44.Rxa6 Kxa6 45.Kf6 Kb5 46.Kxf7 e5 47.Kxg6
e4 48.Kf7 e3 49.g6 e2 50.g7 e1=Q 51.g8=Q Qf2+ 52.Ke7 1/2-1/2

[Event "17th Asia-ch (w)"]
[Site "Manila PHI"]
[Date "2013.05.18"]
[Round "1.4"]
[White "Guo Qi"]
[Black "Citra, Dewi Andhiani Anastasia"]
[Result "1-0"]
[WhiteElo "2439"]
[BlackElo "2155"]
[EventDate "2013.05.18"]
[PlyCount "71"]

1.d4 c5 2.d5 d6 3.Nc3 Nf6 4.e4 g6 5.Bb5+ Bd7 6.a4 Bg7 7.Nf3 O-O 8.h3 Bxb5 
9.axb5 Nfd7 10.Bf4 Nb6 11.Qe2 a6 12.O-O Qd7 13.e5 dxe5 14.Nxe5 Qf5 15.Bh2 
N8d7 16.g4 Qf6 17.Ne4 Qh4 18.Nxd7 Nxd7 19.Kg2 Bxb2 20.Rab1 Bd4 21.c3 Bh8 
22.Bg3 Qh6 23.bxa6 bxa6 24.Rb7 Rfd8 25.g5 Qf8 26.Qc4 a5 27.Ra1 Qe8 28.Re1 
Be5 29.d6 Bxg3 30.dxe7 Rdb8 31.Rxd7 Be5 32.Qd5 Bg7 33.Nd6 Qxd7 34.Qxf7+ 
Kh8 35.e8=Q+ Rxe8 36.Rxe8+ 1-0

[Event "17th Asia-ch (w)"]
[Site "Manila PHI"]
[Date "2013.05.18"]
[Round "1.5"]
[White "Uuganbayar, Lkhamsuren"]
[Black "Wang Jue"]
[Result "0-1"]
[WhiteElo "2137"]
[BlackElo "2401"]
[EventDate "2013.05.18"]
[PlyCount "124"]

1.e4 c5 2.Nf3 d6 3.d4 cxd4 4.Nxd4 Nf6 5.Nc3 a6 6.h3 e5 7.Nde2 h5 8.Bg5 Be6
9.f4 Nbd7 10.f5 Bc4 11.Ng3 Rc8 12.Qd2 h4 13.Nge2 b5 14.a3 Qa5 15.Rb1 b4 
16.axb4 Qxb4 17.g4 Nc5 18.Bg2 Bxe2 19.Bxf6 gxf6 20.Nxe2 Qxd2+ 21.Kxd2 Bh6+
22.Kd1 Rb8 23.Nc3 Rb4 24.b3 Rd4+ 25.Ke2 Rd2+ 26.Kf3 Rxc2 27.Nd5 Nd3 28.
Rhf1 Nf4 29.Rf2 Rxf2+ 30.Kxf2 Nxd5 31.exd5 Ke7 32.Bf1 a5 33.Ra1 Bd2 34.Ra2
Bb4 35.Ke3 Rc8 36.Bc4 Kd8 37.Rc2 Rc5 38.Ke4 Kc7 39.Ra2 Kb6 40.Kd3 Rc7 41.
Ke4 Bc5 42.Ra4 Ra7 43.Ra2 Bd4 44.Ra4 Bc3 45.Kd3 Bb4 46.Ke4 Rc7 47.Ra2 
Rxc4+ 48.bxc4 Kc5 49.Rc2 a4 50.Kd3 a3 51.Rc1 Kb6 52.Kc2 e4 53.c5+ dxc5 54.
Rf1 e3 55.Kd3 e2 56.Kxe2 Bc3 57.Kd3 Be5 58.Rf2 Kb5 59.Ra2 c4+ 60.Kc2 Kb4 
61.Kb1 Kb3 62.Re2 Bb2 0-1

[Event "17th Asia-ch (w)"]
[Site "Manila PHI"]
[Date "2013.05.18"]
[Round "1.6"]
[White "Pham Le Thao Nguyen"]
[Black "Xu Huahua"]
[Result "1-0"]
[WhiteElo "2399"]
[BlackElo "2135"]
[EventDate "2013.05.18"]
[PlyCount "119"]

1.d4 Nf6 2.Bf4 g6 3.e3 Bg7 4.Nf3 d6 5.h3 Nbd7 6.Be2 b6 7.O-O Bb7 8.c4 c5 
9.Nc3 cxd4 10.exd4 O-O 11.Rc1 Nh5 12.Be3 e5 13.Nb5 Qe7 14.Re1 Rfd8 15.Qd2 
Qf8 16.Red1 Ndf6 17.Qb4 Nf4 18.Bxf4 exf4 19.d5 Ne4 20.Nbd4 Bf6 21.Bd3 Ng5 
22.Nxg5 Bxg5 23.Rc2 Bf6 24.Be4 Re8 25.Bf3 Bxd4 26.Rxd4 g5 27.Rd1 Bc8 28.
Qa3 Bf5 29.Rcc1 a5 30.Re1 Rxe1+ 31.Rxe1 Rc8 32.b3 h6 33.Qb2 Re8 34.Rxe8 
Qxe8 35.Qd4 Qd8 36.a3 Qc7 37.Bh5 Bg6 38.Bxg6 fxg6 39.b4 axb4 40.axb4 Kf7 
41.h4 Qe7 42.hxg5 Qxg5 43.Qxb6 f3 44.Qc7+ Kg8 45.Qc8+ Kg7 46.Qd7+ Kg8 47.
Qh3 Qc1+ 48.Kh2 Qxc4 49.Qe6+ Kg7 50.Qe7+ Kh8 51.Qxd6 fxg2 52.Kxg2 Qg4+ 53.
Qg3 Qe4+ 54.Qf3 Qe7 55.Qf4 g5 56.Qd4+ Kh7 57.b5 Qd7 58.b6 g4 59.Qe4+ Kg7 
60.Qe5+ 1-0

[Event "17th Asia-ch (w)"]
[Site "Manila PHI"]
[Date "2013.05.18"]
[Round "1.7"]
[White "Qiu Mengjie"]
[Black "Gomes, Mary Ann"]
[Result "0-1"]
[WhiteElo "2122"]
[BlackElo "2387"]
[EventDate "2013.05.18"]
[PlyCount "68"]

1.e4 c5 2.Nf3 d6 3.d4 cxd4 4.Nxd4 Nf6 5.Nc3 a6 6.Bg5 Nbd7 7.Bc4 Qb6 8.Qd2 
e6 9.O-O-O Be7 10.Bxe6 fxe6 11.Nxe6 Ne5 12.Nxg7+ Kf7 13.Bxf6 Bxf6 14.Nd5 
Qxb2+ 15.Kxb2 Nc4+ 16.Kc1 Nxd2 17.Nh5 Nxe4 18.Rde1 Bf5 19.g4 Bg6 20.f3 
Bg5+ 21.f4 Bh4 22.f5 Bxe1 23.fxg6+ hxg6 24.Rf1+ Bf2 25.Nhf6 Nxf6 26.Rxf2 
Rxh2 27.Rxf6+ Kg7 28.Rxd6 Rc8 29.c3 Rf8 30.Ne3 Rxa2 31.g5 Rf3 32.Rd7+ Kf8 
33.Nd1 Rf1 34.Kb1 Rg2 0-1

[Event "17th Asia-ch (w)"]
[Site "Manila PHI"]
[Date "2013.05.18"]
[Round "1.9"]
[White "Galas, Bernadette"]
[Black "Le Thanh Tu"]
[Result "0-1"]
[WhiteElo "2045"]
[BlackElo "2341"]
[EventDate "2013.05.18"]
[PlyCount "74"]

1.e4 e6 2.d4 d5 3.e5 c5 4.c3 Qb6 5.a3 Nc6 6.Nf3 Nh6 7.b4 cxd4 8.cxd4 Nf5 
9.Bb2 Bd7 10.g4 Nfe7 11.Nc3 Na5 12.Na4 Bxa4 13.Qxa4+ Nac6 14.Rc1 Rc8 15.
Be2 a6 16.b5 axb5 17.Bxb5 g6 18.Bc3 h5 19.g5 Qc7 20.Ba5 Qd7 21.Bb4 Nf5 22.
Bc5 Bxc5 23.Rxc5 O-O 24.O-O Ra8 25.Bxc6 Qxc6 26.Qb4 Qa6 27.Rc3 Rac8 28.
Rfc1 Rxc3 29.Rxc3 Qe2 30.h3 Kg7 31.Qxb7 Nxd4 32.Nxd4 Qd1+ 33.Kg2 Qxd4 34.
Re3 Qc5 35.Rf3 d4 36.Qe4 Rd8 37.Qf4 Rd7 0-1

[Event "17th Asia-ch (w)"]
[Site "Manila PHI"]
[Date "2013.05.18"]
[Round "1.10"]
[White "Aulia, Medina Warda"]
[Black "Fronda, Jan Jodilyn"]
[Result "0-1"]
[WhiteElo "2320"]
[BlackElo "2028"]
[EventDate "2013.05.18"]
[PlyCount "74"]

1.e4 c5 2.Nf3 g6 3.Nc3 Bg7 4.d4 cxd4 5.Nxd4 Nc6 6.Be3 Nf6 7.Be2 d6 8.O-O 
O-O 9.Qd2 Ng4 10.Bxg4 Bxg4 11.Nxc6 bxc6 12.Bh6 Bxh6 13.Qxh6 Qb6 14.Rab1 
Be6 15.Rfe1 Rab8 16.b3 Qd4 17.Qe3 Qxe3 18.Rxe3 c5 19.Rd1 Rfc8 20.f4 Rb7 
21.h3 f6 22.e5 dxe5 23.fxe5 f5 24.Ne2 c4 25.Nf4 Kf7 26.Rd4 g5 27.Ne2 cxb3 
28.cxb3 Rc2 29.Nc3 Rc7 30.Nb5 R7c5 31.a4 f4 32.Re1 Bd5 33.e6+ Kf6 34.Na3 
Rxg2+ 35.Kf1 Ra2 36.b4 Bg2+ 37.Kg1 Rc3 0-1

[Event "17th Asia-ch (w)"]
[Site "Manila PHI"]
[Date "2013.05.18"]
[Round "1.11"]
[White "Docena, Jedara"]
[Black "Hoang Thi Bao Tram"]
[Result "0-1"]
[WhiteElo "2019"]
[BlackElo "2310"]
[EventDate "2013.05.18"]
[PlyCount "70"]

1.e4 c6 2.d4 d5 3.exd5 cxd5 4.c4 Nf6 5.Nc3 Nc6 6.Bg5 dxc4 7.d5 Ne5 8.Qd4 
Nd3+ 9.Bxd3 cxd3 10.Qxd3 g6 11.Bxf6 exf6 12.Nge2 Bd6 13.O-O O-O 14.Ne4 Be5
15.N2c3 f5 16.Ng3 a6 17.a4 Qd6 18.Rfe1 Bd7 19.Nf1 Rac8 20.g3 Rc5 21.Ne3 
Rfc8 22.Ne2 Bxb2 23.Rab1 Bg7 24.Qb3 b5 25.axb5 Bxb5 26.Qb4 a5 27.Qd2 Bh6 
28.f4 Bg7 29.Kg2 Ba6 30.Kh3 Re8 31.Rbc1 Rxc1 32.Nxc1 Re4 33.Qxa5 Rxe3 34.
Rd1 Bc3 35.Qa2 Qxf4 0-1

[Event "17th Asia-ch (w)"]
[Site "Manila PHI"]
[Date "2013.05.18"]
[Round "1.12"]
[White "Muminova, Nafisa"]
[Black "Bernales, Christy Lamiel"]
[Result "1-0"]
[WhiteElo "2307"]
[BlackElo "2016"]
[EventDate "2013.05.18"]
[PlyCount "139"]

1.e4 e6 2.f4 d5 3.e5 c5 4.Nf3 Nc6 5.c3 Qc7 6.Be2 Be7 7.Na3 Bd7 8.O-O h5 9.
d4 Nh6 10.Kh1 Nf5 11.Bd3 g6 12.Bxf5 gxf5 13.dxc5 Bxc5 14.b4 Be7 15.Nb5 Qb6
16.a4 a6 17.Nbd4 Nxd4 18.Nxd4 Rc8 19.Rf3 Rc4 20.Rd3 Qc7 21.Bd2 f6 22.Qe2 
Kf7 23.Re1 fxe5 24.fxe5 Bxa4 25.Qf3 Bc6 26.Bf4 Qc8 27.Qe2 Qg8 28.Qd2 h4 
29.h3 Qg6 30.Rf1 Rh5 31.Rf2 Bg5 32.Rdf3 Ke7 33.Qe1 Bd7 34.Qd2 Qg7 35.Qe1 
Rh8 36.Bh2 Rhc8 37.Rf1 Qg6 38.Qa1 Qh6 39.b5 axb5 40.Bg1 Bd2 41.Ne2 Be8 42.
Qa7 Bh5 43.Qxb7+ R4c7 44.Qxb5 Bxf3 45.Rxf3 Qg5 46.Qb6 Rc6 47.Qb7+ R8c7 48.
Qb8 Rc8 49.Qb7+ R6c7 50.Qb6 Rd7 51.Nd4 Qg8 52.Qb4+ Kd8 53.Qb6+ Ke7 54.Qb4+
Kd8 55.Nb5 f4 56.Nd6 Rxd6 57.Qxd6+ Ke8 58.Qa6 Rc4 59.Bf2 Bxc3 60.Qb5+ Kf7 
61.Qd7+ Kg6 62.Qd6 Re4 63.Rxc3 Kf5 64.Rb3 Rxe5 65.Bxh4 Re2 66.g4+ Ke4 67.
Qb4+ Ke5 68.Qc3+ d4 69.Qc5+ Ke4 70.Qc6+ 1-0

[Event "17th Asia-ch (w)"]
[Site "Manila PHI"]
[Date "2013.05.18"]
[Round "1.13"]
[White "Sultana, Sharmin Shirin"]
[Black "Soumya, Swaminathan"]
[Result "0-1"]
[WhiteElo "2005"]
[BlackElo "2300"]
[EventDate "2013.05.18"]
[PlyCount "47"]

1.d4 Nf6 2.c4 c5 3.d5 e6 4.Nc3 exd5 5.cxd5 d6 6.e4 g6 7.Bd3 Bg7 8.Nge2 O-O
9.Bg5 a6 10.a4 Nbd7 11.O-O Re8 12.Rb1 Qc7 13.Bc2 Rb8 14.b4 cxb4 15.Rxb4 
Nc5 16.Qb1 Bd7 17.Bd2 Rbd8 18.f3 Bc8 19.Bg5 Rd7 20.Rb6 Nh5 21.a5 h6 22.Bd2
Nf6 23.Rc1 Rdd8 24.Be3 0-1

[Event "17th Asia-ch (w)"]
[Site "Manila PHI"]
[Date "2013.05.18"]
[Round "1.14"]
[White "Sihite, Chelsie Monica"]
[Black "Bayar Anu"]
[Result "1-0"]
[WhiteElo "2290"]
[BlackElo "2003"]
[EventDate "2013.05.18"]
[PlyCount "101"]

1.e4 c5 2.Nf3 g6 3.Nc3 Bg7 4.d4 cxd4 5.Nxd4 Nc6 6.Be3 Nf6 7.Nxc6 bxc6 8.e5
Ng8 9.f4 Nh6 10.Be2 d6 11.Bf3 Qc7 12.exd6 exd6 13.Bd4 O-O 14.Bxg7 Kxg7 15.
Qd4+ f6 16.O-O d5 17.b4 Nf5 18.Qc5 Qb6 19.Na4 Qxc5+ 20.Nxc5 Nd4 21.c3 
Nxf3+ 22.Rxf3 Re8 23.a4 Rb8 24.Rd3 Bg4 25.h3 Be2 26.Rd2 Bc4 27.Kf2 Kf7 28.
Re1 Rxe1 29.Kxe1 Re8+ 30.Kf2 Ke7 31.Rd1 Kd6 32.Re1 Rxe1 33.Kxe1 d4 34.Ne4+
Ke6 35.cxd4 f5 36.Nc3 h6 37.Kf2 g5 38.g3 a6 39.Ke3 Kd6 40.fxg5 hxg5 41.h4 
gxh4 42.gxh4 Ke6 43.Kf4 Kf6 44.a5 Bb3 45.d5 cxd5 46.Ne2 Ba4 47.Nd4 Bd7 48.
h5 Bc8 49.h6 Kg6 50.Nxf5 d4 51.Ne7+ 1-0

[Event "17th Asia-ch (w)"]
[Site "Manila PHI"]
[Date "2013.05.18"]
[Round "1.16"]
[White "Zhai Mo"]
[Black "San Diego, Marie Antoinette"]
[Result "1-0"]
[WhiteElo "2259"]
[BlackElo "1947"]
[EventDate "2013.05.18"]
[PlyCount "87"]

1.e4 c5 2.Nf3 d6 3.d4 cxd4 4.Nxd4 Nf6 5.Nc3 a6 6.Be3 e6 7.g4 Be7 8.g5 Nfd7
9.Rg1 b5 10.a3 Bb7 11.Qh5 g6 12.Qh6 Bf8 13.Qh3 Bg7 14.O-O-O O-O 15.f4 Re8 
16.f5 exf5 17.exf5 Ne5 18.Rg3 Nbc6 19.f6 Bf8 20.Nb3 Na5 21.Nxa5 Qxa5 22.
Rd4 Bc8 23.Qh4 Rb8 24.Bd2 Qd8 25.Bh3 h5 26.gxh6 Bxh3 27.Rxh3 Nc4 28.Bg5 
Kh7 29.Kb1 Qc7 30.Bc1 Rbc8 31.Qf2 Qc5 32.Rhh4 Nxa3+ 33.Ka2 Nc4 34.Ne4 Qc7 
35.Ng5+ Kh8 36.Kb1 Re5 37.Qg2 Ne3 38.Bxe3 Rxe3 39.c3 Re1+ 40.Kc2 Re5 41.h7
a5 42.Kb1 Qd7 43.Qg4 Qxg4 44.Nxf7# 1-0

[Event "17th Asia-ch (w)"]
[Site "Manila PHI"]
[Date "2013.05.18"]
[Round "1.19"]
[White "Mendoza, Shania Mae"]
[Black "Lei Tingjie"]
[Result "0-1"]
[WhiteElo "1847"]
[BlackElo "2232"]
[EventDate "2013.05.18"]
[PlyCount "80"]

1.e4 e5 2.Nf3 Nc6 3.d4 exd4 4.Bc4 Bc5 5.c3 Nf6 6.e5 d5 7.Bb5 Ne4 8.Nxd4 
O-O 9.Bxc6 bxc6 10.O-O f6 11.exf6 Qxf6 12.f3 Ba6 13.Re1 Qh4 14.Be3 Bd6 15.
f4 Bxf4 16.Bxf4 Qf2+ 17.Kh1 Rxf4 18.Na3 Raf8 19.Nac2 Rh4 20.Rxe4 Rxe4 21.
h3 Bf1 22.Qxf1 Qxf1+ 23.Rxf1 Rxf1+ 24.Kh2 c5 25.Nb5 Re2 26.Nca3 Rff2 27.
Kg3 Rxg2+ 28.Kf3 Rgf2+ 29.Kg3 Rxb2 30.Nxc7 Rfd2 31.Nab5 Rd3+ 32.Kf4 Re2 
33.Nd6 Rxc3 34.Kg4 Rd3 35.Ncb5 g6 36.h4 h5+ 37.Kf4 Rh3 38.a4 Kg7 39.Nc7 
Ree3 40.Nde8+ Kh6 0-1

[Event "17th Asia-ch (w)"]
[Site "Manila PHI"]
[Date "2013.05.18"]
[Round "1.20"]
[White "Hoang Thi Nhu Y"]
[Black "Karenza, Dita"]
[Result "1-0"]
[WhiteElo "2222"]
[BlackElo "1821"]
[EventDate "2013.05.18"]
[PlyCount "67"]

1.d4 Nf6 2.Nf3 e6 3.Bg5 d5 4.e3 Be7 5.Bd3 Nbd7 6.c4 dxc4 7.Bxc4 Ne4 8.Bxe7
Qxe7 9.O-O O-O 10.Qc2 Nef6 11.Nc3 e5 12.Rfd1 e4 13.Nd2 Nb6 14.Be2 Bf5 15.
Nb5 Nfd5 16.Qc5 Qd7 17.a4 a6 18.Nc3 Nxc3 19.bxc3 Rfe8 20.Rdb1 Nxa4 21.Rxa4
Qxa4 22.Qxf5 Qc2 23.Rd1 a5 24.Qc5 b5 25.h4 a4 26.Qa3 f5 27.g3 c5 28.Qxc5 
Rec8 29.Qxf5 a3 30.Qd5+ Kh8 31.Qxe4 Qxc3 32.Bd3 g6 33.Qe5+ Kg8 34.Ne4 1-0

[Event "17th Asia-ch (w)"]
[Site "Manila PHI"]
[Date "2013.05.19"]
[Round "2.1"]
[White "Soumya, Swaminathan"]
[Black "Huang Qian"]
[Result "0-1"]
[WhiteElo "2300"]
[BlackElo "2469"]
[EventDate "2013.05.18"]
[PlyCount "88"]

1.e4 c5 2.Nf3 d6 3.d4 cxd4 4.Nxd4 Nf6 5.Nc3 a6 6.Bg5 Nbd7 7.Qe2 Qa5 8.f4 
h6 9.Bh4 e5 10.Nb3 Qc7 11.f5 Be7 12.O-O-O b5 13.a3 Bb7 14.g4 Rc8 15.Bxf6 
Bxf6 16.h4 Nb6 17.Kb1 Qd8 18.Qe1 Qc7 19.Rh2 Be7 20.Qg3 Na4 21.Nd5 Bxd5 22.
Rxd5 Nb6 23.Rd1 Nc4 24.Qe1 Qb6 25.Rh3 O-O 26.Nc1 Rfd8 27.Na2 d5 28.exd5 e4
29.Qxe4 Bf6 30.Bxc4 bxc4 31.c3 Rb8 32.Qc2 a5 33.Ka1 Qc5 34.Qg2 Rb5 35.g5 
Rxd5 36.Rdh1 Be5 37.gxh6 Qd6 38.Qe2 Rd2 39.Qxc4 Rbxb2 40.h7+ Kxh7 41.Qxf7 
Rxa2+ 42.Qxa2 Rxa2+ 43.Kxa2 Qd5+ 44.Kb2 a4 0-1

[Event "17th Asia-ch (w)"]
[Site "Manila PHI"]
[Date "2013.05.19"]
[Round "2.3"]
[White "Wang Jue"]
[Black "Muminova, Nafisa"]
[Result "0-1"]
[WhiteElo "2401"]
[BlackElo "2307"]
[EventDate "2013.05.18"]
[PlyCount "86"]

1.e4 e5 2.Nf3 Nc6 3.Bb5 a6 4.Ba4 Nf6 5.O-O Be7 6.Re1 b5 7.Bb3 O-O 8.d4 
Nxd4 9.Nxd4 exd4 10.e5 Ne8 11.c3 dxc3 12.Nxc3 d6 13.Qf3 Be6 14.Bxe6 fxe6 
15.Qc6 Qc8 16.Ne4 dxe5 17.Be3 Nd6 18.Nc5 Rd8 19.Rad1 Nf7 20.Nxe6 Rd6 21.
Rxd6 Bxd6 22.Rc1 Qe8 23.Qd5 Rc8 24.Rc6 a5 25.a4 bxa4 26.Qc4 Qd7 27.h4 Kh8 
28.Qg4 Nd8 29.Ra6 Qxe6 30.Qxa4 Nf7 31.Qxa5 h6 32.Qc3 Rb8 33.g3 Qd5 34.Ra5 
Qe4 35.Ra1 Qb4 36.Qc6 Qxb2 37.Ra8 Qb1+ 38.Kg2 Rxa8 39.Qxa8+ Kh7 40.Qf3 Qg6
41.h5 Qe6 42.Qe4+ Kg8 43.Qa8+ Bf8 0-1

[Event "17th Asia-ch (w)"]
[Site "Manila PHI"]
[Date "2013.05.19"]
[Round "2.4"]
[White "Lei Tingjie"]
[Black "Pham Le Thao Nguyen"]
[Result "0-1"]
[WhiteElo "2232"]
[BlackElo "2399"]
[EventDate "2013.05.18"]
[PlyCount "125"]

1.d4 d5 2.c4 c6 3.cxd5 cxd5 4.Bf4 Nc6 5.Nc3 Nf6 6.e3 Bf5 7.Qb3 Na5 8.Qa4+ 
Bd7 9.Qc2 e6 10.Bd3 Rc8 11.Nf3 Be7 12.O-O O-O 13.Ne5 h6 14.Qe2 Bb4 15.Rac1
a6 16.g4 Ne8 17.g5 hxg5 18.Qh5 Nf6 19.Qxg5 Bxc3 20.bxc3 Bb5 21.f3 Bxd3 22.
Nxd3 Nc4 23.Rf2 Nh7 24.Qg3 f6 25.Rg2 Rf7 26.h4 Qf8 27.Kh1 Re8 28.Rcg1 Ree7
29.e4 dxe4 30.fxe4 Qe8 31.e5 Qc6 32.Kh2 Kh8 33.Re1 fxe5 34.Bxe5 Kg8 35.Nf4
Nxe5 36.Rxe5 Nf8 37.h5 Rc7 38.Ne2 Qf3 39.Qh4 Kh7 40.Reg5 Rf5 41.Rxf5 exf5 
42.Nf4 Qc6 43.Qg5 Rf7 44.Qg3 Qh6 45.Kg1 Qd6 46.Qf3 b5 47.Nh3 Rf6 48.Ng5+ 
Kh6 49.Qe3 f4 50.Qf3 Rf5 51.Ne4 Qc7 52.Qg4 Rf7 53.Ng5 Rf6 54.Nf3 Kh7 55.
Ne5 a5 56.Qf3 Qc8 57.Rg5 b4 58.Qe4+ Kg8 59.cxb4 axb4 60.Ng6 Qc1+ 61.Kh2 f3
62.Ne7+ Kh8 63.Qg4 0-1

[Event "17th Asia-ch (w)"]
[Site "Manila PHI"]
[Date "2013.05.19"]
[Round "2.6"]
[White "Fronda, Jan Jodilyn"]
[Black "Nakhbaeva, Guliskhan"]
[Result "1/2-1/2"]
[WhiteElo "2028"]
[BlackElo "2379"]
[EventDate "2013.05.18"]
[PlyCount "116"]

1.e4 e6 2.d4 d5 3.Nc3 Bb4 4.e5 c5 5.a3 Ba5 6.Qg4 Ne7 7.Bd2 cxd4 8.Qxd4 
Nbc6 9.Qg4 O-O 10.f4 Nf5 11.Bd3 d4 12.Ne4 Bxd2+ 13.Nxd2 f6 14.Ngf3 Ne3 15.
Qh3 h6 16.Qg3 Qb6 17.Rb1 f5 18.Nc4 Nxc4 19.Bxc4 Qa5+ 20.Nd2 b5 21.Bb3 Ne7 
22.Rd1 Qb6 23.Nf3 Rd8 24.Qf2 Nc6 25.O-O a5 26.c3 b4 27.Nxd4 Nxd4 28.Rxd4 
bxa3 29.Rxd8+ Qxd8 30.bxa3 Rb8 31.Bc4 Kh7 32.Qd4 Qe8 33.Qd6 Rb2 34.Qc7 Bb7
35.Rf2 Rb1+ 36.Rf1 Qg6 37.g3 Rxf1+ 38.Bxf1 Be4 39.Qc4 Qh5 40.Qe2 Qe8 41.
Bg2 Bxg2 42.Qxg2 Qb5 43.Qa2 Qc5+ 44.Kg2 Qc6+ 45.Kg1 a4 46.Qb2 Qc4 47.Kg2 
Qd5+ 48.Kg1 Qd1+ 49.Kg2 Qb3 50.Qc1 Qc4 51.Qb2 Kg6 52.Qb4 Qe2+ 53.Kg1 Kh5 
54.Qxa4 Kg4 55.Qa7 Qd1+ 56.Kg2 Qf3+ 57.Kg1 Qd1+ 58.Kg2 Qf3+ 1/2-1/2

[Event "17th Asia-ch (w)"]
[Site "Manila PHI"]
[Date "2013.05.19"]
[Round "2.9"]
[White "Tan Zhongyi"]
[Black "Hoang Thi Nhu Y"]
[Result "1/2-1/2"]
[WhiteElo "2483"]
[BlackElo "2222"]
[EventDate "2013.05.18"]
[PlyCount "76"]

1.d4 d5 2.c4 c6 3.Nf3 Nf6 4.Nc3 e6 5.Bg5 Be7 6.e3 Ne4 7.Bxe7 Qxe7 8.Rc1 
O-O 9.Bd3 f5 10.O-O Nd7 11.Nd2 Kh8 12.f3 Nxc3 13.Rxc3 dxc4 14.Nxc4 e5 15.
Re1 exd4 16.exd4 Qf6 17.Bb1 Nb6 18.Nxb6 axb6 19.d5 Bd7 20.Rd3 Rae8 21.dxc6
Bxc6 22.Rd2 Qg5 23.Rf1 Rd8 24.Rff2 Rfe8 25.Bd3 Re3 26.Bxf5 Rde8 27.Be4 
Bxe4 28.fxe4 R3xe4 29.Rde2 Rxe2 30.Qxe2 Qc1+ 31.Qf1 Qc5 32.Kh1 h6 33.h3 
Qg5 34.Qd3 Re1+ 35.Kh2 Qe7 36.Qd4 b5 37.Rd2 Re2 38.Qf4 Qe5 1/2-1/2

[Event "17th Asia-ch (w)"]
[Site "Manila PHI"]
[Date "2013.05.19"]
[Round "2.10"]
[White "Mongontuul, Batchujagijn"]
[Black "Ni Shiqun"]
[Result "1-0"]
[WhiteElo "2442"]
[BlackElo "2213"]
[EventDate "2013.05.18"]
[PlyCount "73"]

1.d4 Nf6 2.Nf3 g6 3.Nbd2 d5 4.c4 c6 5.b3 Bg7 6.Bb2 Nbd7 7.e3 b6 8.Bd3 Bb7 
9.O-O O-O 10.Qe2 c5 11.Rfd1 e6 12.Ne5 Ne4 13.Nf1 cxd4 14.exd4 Rc8 15.Rac1 
Re8 16.Ne3 dxc4 17.Bxc4 Nd6 18.Ba6 Rxc1 19.Rxc1 Bd5 20.h3 Nb8 21.Ba3 f6 
22.Bxd6 Qxd6 23.Bb5 Rd8 24.N5c4 Qb4 25.Nxd5 exd5 26.Qe6+ Kf8 27.Re1 Nc6 
28.Bxc6 dxc4 29.Bd5 Qxe1+ 30.Qxe1 Rxd5 31.Qb4+ Kf7 32.Qxc4 Ke6 33.Qc6+ Rd6
34.Qe8+ Kf5 35.g4+ Kg5 36.Qe3+ Kh4 37.Qg3+ 1-0

[Event "17th Asia-ch (w)"]
[Site "Manila PHI"]
[Date "2013.05.19"]
[Round "2.11"]
[White "Nguyen Thi Thanh An"]
[Black "Wang Doudou"]
[Result "1-0"]
[WhiteElo "2250"]
[BlackElo "2162"]
[EventDate "2013.05.18"]
[PlyCount "107"]

1.d4 Nf6 2.c4 g6 3.Nc3 Bg7 4.Nf3 O-O 5.Bg5 d6 6.e3 c6 7.Be2 Nbd7 8.Qc2 Qa5
9.Rb1 e5 10.b4 Qc7 11.O-O Re8 12.Bh4 Nf8 13.Rbc1 Bf5 14.Qb3 h6 15.c5 Be6 
16.cxd6 Qd7 17.Nxe5 Qxd6 18.Bc4 Bxc4 19.Qxc4 Nd5 20.Nd3 Nb6 21.Qb3 g5 22.
Bg3 Qf6 23.Ne5 Qf5 24.Qc2 Qe6 25.Ne4 Nd5 26.Nc5 Qe7 27.Rb1 Ne6 28.Nc4 Rad8
29.Na5 Nxc5 30.bxc5 Rd7 31.Bd6 Qe6 32.Nxb7 h5 33.Na5 h4 34.h3 g4 35.hxg4 
Qxg4 36.Qd1 Qg5 37.Qf3 Nc3 38.Rb8 Rxb8 39.Bxb8 Nxa2 40.Bf4 Qf5 41.Nxc6 Nc3
42.Bd6 Qg5 43.Kh1 a5 44.Qh3 f5 45.Nxa5 Ne4 46.Nc4 Ra7 47.Bf4 Qg6 48.Nd6 
Ra1 49.Kg1 Rxf1+ 50.Kxf1 Qh5 51.f3 Ng5 52.Bxg5 Qxg5 53.Nxf5 Qf6 54.Qg4 1-0

[Event "17th Asia-ch (w)"]
[Site "Manila PHI"]
[Date "2013.05.19"]
[Round "2.12"]
[White "Perena, Catherine"]
[Black "Romero, Gladys Hazelle"]
[Result "1-0"]
[WhiteElo "2170"]
[BlackElo "1927"]
[EventDate "2013.05.18"]
[PlyCount "157"]

1.d4 Nf6 2.c4 g6 3.Nf3 Bg7 4.Nc3 O-O 5.g3 d6 6.Bg2 Nc6 7.O-O a6 8.h3 Bd7 
9.b3 Rb8 10.e4 b5 11.cxb5 axb5 12.Re1 e5 13.dxe5 Nxe5 14.Nxe5 dxe5 15.Be3 
Be6 16.Qe2 Qc8 17.Nxb5 Bxh3 18.Bc5 Bxg2 19.Kxg2 Rd8 20.Rac1 Qb7 21.Nc3 Rd7
22.Rc2 Rbd8 23.Na4 Bh6 24.Qc4 Bd2 25.Re2 h5 26.Ba3 Rd4 27.Qxc7 Qxc7 28.
Rxc7 Rxe4 29.Rxe4 Nxe4 30.Bb2 Bh6 31.Nc5 Nxf2 32.Bxe5 Ng4 33.Nd7 Nxe5 34.
Nxe5 Rd2+ 35.Kf3 Rxa2 36.Nxf7 Bg7 37.Ng5 Ra1 38.Rc8+ Bf8 39.Rc6 Rb1 40.
Rxg6+ Kh8 41.Rb6 Be7 42.Kf4 Kg7 43.Nf3 Rf1 44.Ke4 Bf6 45.b4 Kg6 46.Rb8 Rb1
47.Rb6 Rf1 48.Kf4 Kf7 49.Ke4 Kg6 50.Rb7 Rb1 51.Kf4 Rf1 52.Rb6 Kf7 53.b5 
Kg6 54.Ke4 Rb1 55.Ne5+ Kg5 56.Nd3 Rg1 57.Kf3 Rf1+ 58.Ke4 Rg1 59.Nf4 Re1+ 
60.Kf3 Rf1+ 61.Kg2 Rb1 62.Kf3 Rf1+ 63.Ke2 Rf2+ 64.Ke3 Rf1 65.Rc6 Rb1 66.
Rc5+ Kg4 67.Nxh5 Bg5+ 68.Nf4 Rb3+ 69.Ke4 Rxg3 70.Nd3 Re3+ 71.Kd4 Re2 72.
Kd5 Rd2 73.Kd4 Bh4 74.Kc3 Re2 75.b6 Bf6+ 76.Kb3 Re8 77.b7 Rb8 78.Rb5 Be5 
79.Nc5 1-0

[Event "17th Asia-ch (w)"]
[Site "Manila PHI"]
[Date "2013.05.19"]
[Round "2.13"]
[White "Bernales, Christy Lamiel"]
[Black "Aulia, Medina Warda"]
[Result "1-0"]
[WhiteElo "2016"]
[BlackElo "2320"]
[EventDate "2013.05.18"]
[PlyCount "57"]

1.e4 e6 2.d3 d5 3.Nd2 Nf6 4.Ngf3 c5 5.g3 Be7 6.Bg2 Nc6 7.O-O O-O 8.c3 Qc7 
9.Re1 b6 10.Nf1 dxe4 11.dxe4 Ba6 12.e5 Nd7 13.Bf4 Rad8 14.Qc2 h6 15.h4 c4 
16.Nd4 Ncb8 17.Qe2 Nc5 18.Qg4 Kh7 19.Qh5 Bb7 20.Bxb7 Qxb7 21.Ne3 Nd3 22.
Ng4 Nxf4 23.gxf4 Bc5 24.f5 Bxd4 25.cxd4 Rxd4 26.Re3 Rf4 27.f6 Rg8 28.Rg3 
Rf5 29.fxg7 1-0

[Event "17th Asia-ch (w)"]
[Site "Manila PHI"]
[Date "2013.05.19"]
[Round "2.15"]
[White "Bayar Anu"]
[Black "Uuganbayar, Lkhamsuren"]
[Result "1-0"]
[WhiteElo "2003"]
[BlackElo "2137"]
[EventDate "2013.05.18"]
[PlyCount "69"]

1.d4 Nf6 2.c4 e6 3.Nc3 Bb4 4.a3 Bxc3+ 5.bxc3 c5 6.e3 b6 7.Bd3 Bb7 8.f3 Nc6
9.Ne2 O-O 10.e4 Ne8 11.O-O d6 12.f4 f5 13.d5 Ne7 14.Ng3 fxe4 15.Nxe4 h6 
16.dxe6 d5 17.Ng3 dxc4 18.Bxc4 Nd6 19.Bd3 Rf6 20.Nh5 Rf8 21.Qg4 Nef5 22.
Rd1 Qh4 23.Bxf5 Nxf5 24.Qxh4 Nxh4 25.Rd7 Bc6 26.Rxg7+ Kh8 27.c4 Rg8 28.
Rxg8+ Kxg8 29.Bb2 Kh7 30.Rd1 Kg6 31.g4 Nf5 32.gxf5+ Kxh5 33.f6 Rg8+ 34.Kf1
Rg4 35.Be5 1-0

[Event "17th Asia-ch (w)"]
[Site "Manila PHI"]
[Date "2013.05.19"]
[Round "2.16"]
[White "Xu Huahua"]
[Black "Jelsen Yemi"]
[Result "1-0"]
[WhiteElo "2135"]
[BlackElo "1997"]
[EventDate "2013.05.18"]
[PlyCount "87"]

1.e4 c5 2.Nf3 d6 3.d4 cxd4 4.Qxd4 Nc6 5.Bb5 Bd7 6.Bxc6 Bxc6 7.Nc3 e6 8.Bg5
Nf6 9.h3 Be7 10.O-O-O O-O 11.Qd3 h6 12.Be3 Qc7 13.Nd4 d5 14.Nxc6 bxc6 15.
g4 Rfd8 16.g5 hxg5 17.Bxg5 Rab8 18.exd5 cxd5 19.Rhg1 Qb7 20.b3 Qb4 21.Qf3 
Kf8 22.h4 Rdc8 23.Rd3 Rb6 24.h5 Rbc6 25.h6 Rxc3 26.hxg7+ Kg8 27.Qh3 Rxc2+ 
28.Kb1 Nh7 29.Qxh7+ Kxh7 30.g8=Q+ Rxg8 31.Rh3+ Kg6 32.Bxe7+ Kf5 33.Bxb4 
Rgc8 34.Rf3+ Ke4 35.Rxf7 e5 36.Re1+ Kd4 37.Bd6 e4 38.Rd1+ Kc3 39.Be5+ Kb4 
40.Rd4+ Kb5 41.Rxd5+ Kb6 42.Rd6+ Kb5 43.Rb7+ Ka5 44.b4+ 1-0